|
|
|
|
| LEADER |
00867nam a2200253 4500 |
| 001 |
c000322278 |
| 003 |
CARM |
| 005 |
00000000000000.0 |
| 008 |
730316s1973 mau b 00110 eng |
| 019 |
1 |
|
|a 573989
|5 LACONCORD2021
|
| 020 |
|
|
|a 0395126282
|
| 035 |
|
|
|a (OCoLC)600263
|5 LACONCORD2021
|
| 050 |
0 |
0 |
|a JC328.3
|b .B44
|
| 100 |
1 |
|
|a Bell, David V. J.
|
| 245 |
1 |
0 |
|a Resistance and revolution
|c [by] David V. J. Bell.
|
| 260 |
|
|
|a Boston,
|b Houghton Mifflin
|c [1973]
|
| 300 |
|
|
|a x, 164 p.
|c 21 cm.
|
| 504 |
|
|
|a Bibliography: p. 153-159.
|
| 650 |
|
0 |
|a Government, Resistance to.
|
| 650 |
|
0 |
|a Revolutions.
|
| 852 |
8 |
|
|b CARM
|h A1:AN07B0
|i B08501
|p 0409507
|f BK
|
| 082 |
0 |
4 |
|a 301.6/3
|
| 999 |
f |
f |
|i c50368ce-7f02-5385-b45a-75c9a18e072a
|s 61b3be49-cc49-5831-a544-5837ac776461
|
| 952 |
f |
f |
|p Can circulate
|a CAVAL
|b CAVAL
|c CAVAL
|d CARM 1 Store
|e B08501
|f A1:AN07B0
|h Other scheme
|i book
|m 0409507
|